La Mancomunitat de Catalunya i la política esportiva
ISBN:
84-393-6313-3
Descripción Física:
87 p. ; 21 cm
Colección:
Textos de cultura i esport ; 1
MARC
| LEADER | 00000nam a2200000Ia 4500 | ||
|---|---|---|---|
| 001 | 16484 | ||
| 008 | 160829s2004 xx 000 0 cat d | ||
| 020 | |a 84-393-6313-3 | ||
| 080 | |a P-1-48 | ||
| 245 | |a La Mancomunitat de Catalunya i la política esportiva | ||
| 260 | |a Barcelona : |b Consell Català de l'Esport, |c 2004 | ||
| 300 | |a 87 p. ; |c 21 cm | ||
| 490 | |a Textos de cultura i esport ; 1 | ||
| 590 | |a Bibliografia. | ||
| 590 | |a A la part inferior de la coberta: Generalitat de Catalunya. | ||
| 590 | |a Hi ha un duplicat a: DUP-68 | ||
| 650 | |a Catalunya. Mancomunitat |x Història |x Fonts |9 39125 | ||
| 650 | 0 | |a Esports |z Catalunya |x Història |9 35167 | |
| 710 | 1 | |a Catalunya. |b Generalitat |9 12125 | |
| 901 | |a Arxiu | ||
| 942 | |n 1 | ||
| 952 | |0 0 |1 0 |4 0 |6 P148 |7 1 |9 48819 |a Arxiu |b Arxiu |d 2016-12-01 |l 0 |o P-1-48 |p 16484 |r 2016-12-01 00:00:00 |w 2016-12-01 |y ARXIU | ||
| 999 | |c 52653 |d 52653 | ||